000 00261nam a22001097a 4500
005 20241017173658.0
008 241017b |||||||| |||| 00| 0 eng d
100 _aMAHAJAN, V.D.
_d2012
245 _aJURISPRUDENCE AND LEGAL THEORY
300 _aXXI
942 _2lcc
_cBK
_n0
999 _c46
_d46